000 00582nam a2200217Ia 4500
005 20250508170157.0
008 008 250505s9999 xx 000 0 eng d
020 _a978-1-5063-8957-8
037 _aTextBook
040 _aFEDL
_beng
_cFEDL
041 _aeng
_2eng
084 _a001.42, THO/R
_qFEDL
100 _aThomas C George
245 0 _aResearch methodology and scientific writing
250 _a2
260 _aNew Delhi, India
_bAne Books
_c2020
300 _a627p.
365 _aINR
_b1995
942 _cTB
_h001.42, THO/R
999 _c1399644
_d1399644